Declaración de Managua

Uloženo v:
Podrobná bibliografie
Médium: Text
Tagy: Přidat tag
Žádné tagy, Buďte první, kdo vytvoří štítek k tomuto záznamu!

MARC

LEADER 00000 a a2200000 04500
001 4988
003
040
245 |a Declaración de Managua 
773 |g número 38; páginas 39  
999 |c 33623  |d 33623